| 000 | nam a22 a 4500 | ||
|---|---|---|---|
| 999 |
_c33 _d33 |
||
| 003 | AKMAL | ||
| 005 | 20170413121625.0 | ||
| 008 | s2000 myb e 001 0 eng | ||
| 020 |
_a9679787370 (v. 2 : pbk.): _cRM13.00 |
||
| 040 | _aAKMAL | ||
| 082 | 0 | 4 |
_a337.595 _221 |
| 090 | 0 | 0 |
_a337.595 _bMAH |
| 100 | 0 |
_aMahathir Mohamad, _cTun, _d1925- _941 |
|
| 245 | 1 | 0 |
_aGlobalisation, smart partnership and government / _cselected speeches by Dr Mahathir Mohamad, Prime Minister of Malaysia ; edited by Hashim Makaruddin |
| 260 |
_aSubang Jaya : _bPelanduk Publications (M), _c2000 |
||
| 300 | 0 | 0 |
_av. (various pagings) ; _c22cm. |
| 500 | _aIncludes index | ||
| 500 | _aKoleksi Peribadi YABhg. Tun Ahmad Sarji (2103052) | ||
| 650 | 1 | 0 |
_aSpeeches, addresses, etc. _954 |
| 650 | 2 | 0 |
_aBusiness and politics _xAddresses, essays, lectures _zMalaysia _9114 |
| 651 | 0 |
_aMalaysia _xForeign economic relations _xAddresses, essays, lectures _9115 |
|
| 651 | 0 |
_aMalaysia _xEconomic policy _xAddresses, essays, lectures _9116 |
|
| 700 | 0 |
_aHashim Makaruddin _958 |
|
| 942 |
_2ddc _cBOOK |
||